[Event "beatus homo qui invenit sapentiam"]
[Site "SchemingMind.com"]
[Date "2008.08.31"]
[Round "-"]
[White "nimzoking"]
[Black "tyler199"]
[Result "1-0"]
[WhiteCountry "ENG"]
[BlackCountry "CAN"]
[WhiteElo "2165"]
[WhiteRD "67"]
[BlackElo "1633"]
[BlackRD "53"]
[GameID "169157"]

1. d4 d5 2. Bf4 Nf6 3. e3 Bf5 4. c4 c6 5. Qb3 Qb6 6. c5 Qxb3 7. axb3 Nbd7 8. Nf3 g6 9. Nc3 Bg7 10. Be2 Ne4
11. b4 Ndf6 12. b5 Nxc3 13. bxc3 Ne4 14. bxc6 bxc6 15. Ba6 Nxc3 16. Bb7
1-0

[Event "beatus homo qui invenit sapentiam"]
[Site "SchemingMind.com"]
[Date "2008.08.31"]
[Round "-"]
[White "jtaylor"]
[Black "nimzoking"]
[Result "0-1"]
[WhiteCountry "USA"]
[BlackCountry "ENG"]
[WhiteElo "1658"]
[WhiteRD "57"]
[BlackElo "2165"]
[BlackRD "67"]
[GameID "169158"]

1. e4 d5 2. exd5 Qxd5 3. Nf3 Nf6 4. d4 c6 5. c4 Qd6 6. Nc3 Bg4 7. Be2 e6 8. O-O Nbd7 9. b3 Qc7 10. Bb2 Bd6
11. h3 Bf5 12. Bd3 Bxd3 13. Qxd3 O-O 14. Rfe1 h6 15. Rac1 Rad8 16. d5 exd5 17. cxd5 Bf4 18. Rc2 Rfe8 19. Rxe8+ Rxe8 20. Re2 Rxe2
21. Qxe2 cxd5 22. g3 Bd6 23. Nb5 Qb6 24. Nfd4 Bc5 25. Kg2 a6
0-1

[Event "beatus homo qui invenit sapentiam"]
[Site "SchemingMind.com"]
[Date "2008.08.31"]
[Round "-"]
[White "pedrinho"]
[Black "nimzoking"]
[Result "0-1"]
[WhiteCountry "GBR"]
[BlackCountry "ENG"]
[WhiteElo "1725"]
[WhiteRD "87"]
[BlackElo "2155"]
[BlackRD "74"]
[GameID "169159"]

1. e4 d5 2. exd5 Qxd5 3. Nc3 Qa5 4. d4 Nf6 5. Nf3 c6 6. Bd3 Bg4 7. O-O e6 8. Bd2 Nbd7 9. Ne4 Qb6 10. Qc1 Bxf3
11. gxf3 Qxd4 12. Bc3 Qb6 13. b3 Be7 14. Qb2 O-O-O 15. Bd4 Qc7 16. a4 Qf4 17. Nxf6 gxf6 18. a5 Rhg8+ 19. Kh1 Qxf3#
0-1

[Event "beatus homo qui invenit sapentiam"]
[Site "SchemingMind.com"]
[Date "2008.08.31"]
[Round "-"]
[White "BlueMooner"]
[Black "nimzoking"]
[Result "1/2-1/2"]
[WhiteCountry "ENG"]
[BlackCountry "ENG"]
[WhiteElo "1893"]
[WhiteRD "71"]
[BlackElo "2169"]
[BlackRD "72"]
[GameID "169160"]

1. e4 d5 2. exd5 Qxd5 3. Nc3 Qa5 4. d4 Nf6 5. Nf3 Bf5 6. Bc4 c6 7. Bd2 e6 8. Nd5 Qd8 9. Nxf6+ gxf6 10. Bb3 Nd7
11. Qe2 Qc7 12. Nh4 Bg6 13. O-O-O O-O-O 14. Rhe1 Kb8 15. g3 Bd6 16. f4 f5 17. Nf3 Nf6 18. Kb1 Bh5 19. Be3 Bg4 20. Qg2 Ne4=
1/2-1/2

[Event "beatus homo qui invenit sapentiam"]
[Site "SchemingMind.com"]
[Date "2008.09.01"]
[Round "-"]
[White "jnable"]
[Black "nimzoking"]
[Result "0-1"]
[WhiteCountry "PHI"]
[BlackCountry "ENG"]
[WhiteElo "1747"]
[WhiteRD "77"]
[BlackElo "2165"]
[BlackRD "67"]
[GameID "169162"]

1. d4 Nf6 2. c4 e6 3. Nc3 Bb4 4. Qc2 O-O 5. Nf3 d5 6. e3 c5 7. Bd2 cxd4 8. Nxd4 Nc6 9. cxd5 exd5 10. Nxc6 bxc6
11. Bd3 Re8 12. O-O Bd6 13. Ne2 c5 14. h3 Qb6 15. Nc3 Ba6 16. Bxa6 Qxa6 17. Rfd1 d4 18. Na4 d3 19. Qb3 c4
0-1

[Event "beatus homo qui invenit sapentiam"]
[Site "SchemingMind.com"]
[Date "2008.09.02"]
[Round "-"]
[White "acbrasileiro"]
[Black "nimzoking"]
[Result "0-1"]
[WhiteCountry "BRA"]
[BlackCountry "ENG"]
[WhiteElo "1922"]
[WhiteRD "93"]
[BlackElo "2169"]
[BlackRD "72"]
[GameID "169163"]

1. d4 Nf6 2. e3 d5 3. Nf3 e6 4. b3 Bb4+ 5. c3 Bd6 6. Ba3 O-O 7. Bd3 Qe7 8. Bxd6 cxd6 9. O-O e5 10. dxe5 dxe5
11. Be2 Bf5 12. c4 Rd8 13. cxd5 Nxd5 14. Qc1 Nc6 15. Qb2 e4 16. Nfd2 Rac8 17. Nc3 Nxc3 18. Qxc3 Nd4
0-1

[Event "beatus homo qui invenit sapentiam"]
[Site "SchemingMind.com"]
[Date "2008.09.01"]
[Round "-"]
[White "Schaakmaatje"]
[Black "nimzoking"]
[Result "0-1"]
[WhiteCountry "NED"]
[BlackCountry "ENG"]
[WhiteElo "1767"]
[WhiteRD "51"]
[BlackElo "2164"]
[BlackRD "76"]
[GameID "169164"]

1. e4 d5 2. exd5 Qxd5 3. Nc3 Qa5 4. d4 Nf6 5. h3 c6 6. Bd2 Qb6 7. Nf3 Bf5 8. Na4 Qc7 9. g3 Nbd7 10. Bf4 Qa5+
11. Nc3 Nd5 12. Bd2 Nxc3 13. Bxc3 Qd5 14. Bg2 Be4 15. O-O e6 16. Nh4 Bxg2 17. Nxg2 Be7 18. Qg4 h5 19. Qe2 h4 20. Qg4 Qg5
21. Qxg5 Bxg5 22. g4 Bf6 23. Rad1 Nb6 24. b3 O-O-O 25. Bb2 Nd5 26. a3 Rd7 27. Rd3 b5 28. c4 bxc4 29. bxc4 Nb6 30. Ne3 c5
31. Rc1 Na4 32. Ba1 cxd4 33. Nc2 Nc5 34. Rf3 d3 35. Bxf6 Nb3
0-1

[Event "beatus homo qui invenit sapentiam"]
[Site "SchemingMind.com"]
[Date "2008.09.01"]
[Round "-"]
[White "tyler199"]
[Black "nimzoking"]
[Result "0-1"]
[WhiteCountry "CAN"]
[BlackCountry "ENG"]
[WhiteElo "1633"]
[WhiteRD "53"]
[BlackElo "2165"]
[BlackRD "67"]
[GameID "169165"]

1. d4 Nf6 2. c4 e6 3. Nc3 Bb4 4. Qc2 O-O 5. e4 Bxc3+ 6. bxc3 d6 7. Bd3 e5 8. Ne2 b6 9. Bg5 h6 10. Bh4 Re8
11. O-O Bb7 12. f4 Nbd7 13. fxe5 dxe5 14. dxe5 Nxe5 15. Rad1 g5
0-1

[Event "beatus homo qui invenit sapentiam"]
[Site "SchemingMind.com"]
[Date "2008.09.01"]
[Round "-"]
[White "Han Solo"]
[Black "jtaylor"]
[Result "1-0"]
[WhiteCountry "HUN"]
[BlackCountry "USA"]
[WhiteElo "1878"]
[WhiteRD "80"]
[BlackElo "1632"]
[BlackRD "61"]
[GameID "169257"]

1. e4 e5 2. Nf3 Nc6 3. d4 exd4 4. Nxd4 Nf6 5. Nxc6 bxc6 6. e5 Qe7 7. Qe2 Nd5 8. c4 Nb6 9. Nd2 a5 10. g3 a4
11. Bg2 Qe6 12. O-O d5 13. Nf3 Nxc4 14. Re1 Rb8 15. Ng5 Qg6 16. Be4 Bf5 17. Bxf5 Qxf5 18. e6 f6 19. Nf7 Nd6 20. Nxh8
1-0

[Event "beatus homo qui invenit sapentiam"]
[Site "SchemingMind.com"]
[Date "2008.09.01"]
[Round "-"]
[White "Han Solo"]
[Black "pedrinho"]
[Result "1-0"]
[WhiteCountry "HUN"]
[BlackCountry "GBR"]
[WhiteElo "1843"]
[WhiteRD "77"]
[BlackElo "1725"]
[BlackRD "87"]
[GameID "169258"]

1. e4 c5 2. Nf3 Nc6 3. d4 cxd4 4. Nxd4 Nf6 5. Nc3 e5 6. Ndb5 d6 7. Bg5 a6 8. Na3 b5 9. Bxf6 gxf6 10. Nd5 Bg7
11. c3 O-O 12. Nc2 Bb7 13. Nce3 Ne7 14. Nxe7+ Qxe7 15. Nf5 Qe6 16. Qg4
1-0

[Event "beatus homo qui invenit sapentiam"]
[Site "SchemingMind.com"]
[Date "2008.09.01"]
[Round "-"]
[White "Han Solo"]
[Black "BlueMooner"]
[Result "1-0"]
[WhiteCountry "HUN"]
[BlackCountry "ENG"]
[WhiteElo "1916"]
[WhiteRD "76"]
[BlackElo "1848"]
[BlackRD "73"]
[GameID "169259"]

1. e4 c5 2. Nf3 g6 3. d4 cxd4 4. Qxd4 Nf6 5. e5 Nc6 6. Qa4 Nd5 7. Qe4 Nc7 8. Nc3 Bg7 9. Bf4 Ne6 10. Bg3 a6
11. Bc4 b5 12. Bd5 Bb7 13. O-O O-O 14. b4 Qb6 15. Rfd1 d6 16. a4 Nc7 17. a5
1-0

[Event "beatus homo qui invenit sapentiam"]
[Site "SchemingMind.com"]
[Date "2008.09.01"]
[Round "-"]
[White "Han Solo"]
[Black "Archon"]
[Result "1-0"]
[WhiteCountry "HUN"]
[BlackCountry "CAN"]
[WhiteElo "1916"]
[WhiteRD "76"]
[BlackElo "1693"]
[BlackRD "57"]
[GameID "169260"]

1. e4 d6 2. d4 Nf6 3. Nc3 g6 4. Bg5 Bg7 5. e5 dxe5 6. dxe5 Ng4 7. Qxd8+ Kxd8 8. Rd1+ Bd7 9. e6 fxe6 10. Bc4 Ke8
11. Nf3 Nc6 12. O-O Nce5 13. Nxe5 Nxe5 14. Bb3 Rd8 15. Rfe1 Kf7 16. Bf4 Nc6 17. Bxc7 Nb8 18. Bxb8
1-0

[Event "beatus homo qui invenit sapentiam"]
[Site "SchemingMind.com"]
[Date "2008.09.03"]
[Round "-"]
[White "Han Solo"]
[Black "jnable"]
[Result "1-0"]
[WhiteCountry "HUN"]
[BlackCountry "PHI"]
[WhiteElo "1973"]
[WhiteRD "75"]
[BlackElo "1767"]
[BlackRD "78"]
[GameID "169261"]

1. e4 c6 2. d4 d5 3. e5 Bf5 4. Bd3 Bxd3 5. Qxd3 e6 6. f4 Ne7 7. Nf3 Nd7 8. Nbd2 Qb6 9. c4 Nf5 10. O-O Rd8
11. c5 Qc7 12. b4 Be7 13. a4 O-O 14. b5 b6 15. cxb6 Nxb6 16. bxc6 Qxc6 17. Ba3 Qb7 18. g4 Nh6 19. Ng5 g6 20. Qh3 Kg7
21. Ndf3 Nc4 22. Bxe7 Qxe7 23. Nxh7 Rh8 24. Nfg5 Ng8 25. f5 exf5 26. gxf5 gxf5 27. Rxf5 f6 28. Ne6+ Qxe6 29. Qg4+ Kxh7 30. Rh5+ Nh6
31. Qxe6 Rhg8+ 32. Kh1 Kg6 33. Rg1+
1-0

[Event "beatus homo qui invenit sapentiam"]
[Site "SchemingMind.com"]
[Date "2008.09.01"]
[Round "-"]
[White "Han Solo"]
[Black "nimzoking"]
[Result "1-0"]
[WhiteCountry "HUN"]
[BlackCountry "ENG"]
[WhiteElo "2006"]
[WhiteRD "74"]
[BlackElo "2149"]
[BlackRD "83"]
[GameID "169262"]

1. e4 d5 2. exd5 Qxd5 3. Nc3 Qa5 4. d4 Nf6 5. Nf3 c6 6. Bc4 Bf5 7. Bd2 e6 8. Qe2 Bb4 9. O-O-O Nbd7 10. a3 Bxc3
11. Bxc3 Qc7 12. Ne5 O-O 13. g4 Be4 14. g5 Bxh1 15. gxf6 Bd5 16. Nxd7 Qxd7 17. Qg4 g6 18. Qh4 Qd8 19. Bb4 Re8 20. Be2 a5
21. Be7 Rxe7 22. fxe7 Qd6 23. c4 Re8 24. cxd5 cxd5 25. Rd3 Rxe7 26. Rh3 f5 27. Kb1 Rf7 28. Bb5 Qe7 29. Qxe7 Rxe7 30. Rc3 Kg7
31. Rc8 Kf6 32. Ra8
1-0

[Event "beatus homo qui invenit sapentiam"]
[Site "SchemingMind.com"]
[Date "2008.09.02"]
[Round "-"]
[White "Han Solo"]
[Black "acbrasileiro"]
[Result "1-0"]
[WhiteCountry "HUN"]
[BlackCountry "BRA"]
[WhiteElo "1973"]
[WhiteRD "75"]
[BlackElo "1941"]
[BlackRD "91"]
[GameID "169263"]

1. e4 c5 2. Nf3 d6 3. d4 cxd4 4. Nxd4 Nf6 5. f3 g6 6. c4 Bg7 7. Nc3 O-O 8. Be2 a6 9. Be3 Nbd7 10. O-O Re8
11. b4 Ne5 12. Rc1 Bd7 13. Kh1 Rc8 14. Nd5 Nxd5 15. cxd5 Rxc1 16. Bxc1 b5 17. Be3 Qc7 18. Qb3 Nc4 19. Rc1 Rc8 20. h3 Qb6
21. Nc6 Qxe3 22. Qxe3 Nxe3 23. Nxe7+ Kf8 24. Nxc8
1-0

[Event "beatus homo qui invenit sapentiam"]
[Site "SchemingMind.com"]
[Date "2008.09.05"]
[Round "-"]
[White "Han Solo"]
[Black "Schaakmaatje"]
[Result "1/2-1/2"]
[WhiteCountry "HUN"]
[BlackCountry "NED"]
[WhiteElo "2067"]
[WhiteRD "79"]
[BlackElo "1775"]
[BlackRD "50"]
[GameID "169264"]

1. e4 c6 2. d4 d5 3. e5 Bf5 4. Bd3 Bxd3 5. Qxd3 e6 6. f4 Nh6 7. Nf3 Nf5 8. Nbd2 Be7 9. O-O h6 10. c4 Na6
11. c5 Nc7 12. b4 O-O 13. a4 b5 14. Nb3 bxa4 15. Rxa4 Nb5 16. Bb2 Nh4 17. Nxh4 Bxh4 18. Ra6 Qd7 19. Na5 Rfc8 20. Ra1 Bd8
21. Rf1 Rab8 22. f5 exf5 23. Qxf5 Qxf5 24. Rxf5 Bxa5 25. Rxa5 Rb7 26. Kf2 Re7 27. Rf4 Re6 28. Bc1 Rc7 29. Bd2 Re8= 30. h4 Re6
31. Ra1 Rc8 32. h5 Rc7 33. Rg4 Kh7 34. Ke3 Re8 35. Kd3 Rcc8 36. Rf1 Re7 37. Rf3 Rg8 38. Rgf4 Rf8 39. Be1 Rb7 40. Re3 Re8
41. Rf1 Rbe7 42. Ref3 Kg8 43. Bh4 Rb7 44. g4 Re6 45. g5 Nxd4 46. Kxd4 Rxb4+ 47. Kd3 Rxh4 48. Rxf7 Rxh5 49. gxh6 Rhxh6 50. Rxa7 Rxe5
51. Rg1 Rh7 52. Rc7 Re6 53. Rc8+ Kf7 54. Rc7+ Kf6 55. Rf1+ Kg5 56. Rg1+ Kf6=
1/2-1/2

[Event "beatus homo qui invenit sapentiam"]
[Site "SchemingMind.com"]
[Date "2008.09.01"]
[Round "-"]
[White "Han Solo"]
[Black "tyler199"]
[Result "1-0"]
[WhiteCountry "HUN"]
[BlackCountry "CAN"]
[WhiteElo "1843"]
[WhiteRD "77"]
[BlackElo "1763"]
[BlackRD "60"]
[GameID "169265"]

1. e4 e5 2. Nf3 Nc6 3. d4 exd4 4. Nxd4 Bc5 5. Be3 Qf6 6. Nb5 Bxe3 7. fxe3 Qh4+ 8. g3 Qd8 9. Qg4 g6 10. Qf4 d6
11. Bc4 Ne5 12. O-O Nxc4 13. Qxf7#
1-0

[Event "beatus homo qui invenit sapentiam"]
[Site "SchemingMind.com"]
[Date "2008.09.01"]
[Round "-"]
[White "jtaylor"]
[Black "Han Solo"]
[Result "0-1"]
[WhiteCountry "USA"]
[BlackCountry "HUN"]
[WhiteElo "1632"]
[WhiteRD "61"]
[BlackElo "1878"]
[BlackRD "80"]
[GameID "169266"]

1. e4 c5 2. Nf3 Nc6 3. d4 cxd4 4. Nxd4 Nf6 5. Nc3 e5 6. Ndb5 d6 7. Bc4 a6 8. Na3 b5 9. Naxb5 axb5 10. Bxb5 Bd7
11. Bg5 Be7 12. Bxf6 Bxf6 13. Qxd6 Nd4 14. Bxd7+ Qxd7 15. Qxd7+ Kxd7 16. O-O-O Rhc8 17. Kb1 Ke6 18. Nd5 Bd8 19. c3 Nb5 20. Rc1 Nd6
21. f3 f5 22. exf5+ Kxd5
0-1

[Event "beatus homo qui invenit sapentiam"]
[Site "SchemingMind.com"]
[Date "2008.09.01"]
[Round "-"]
[White "pedrinho"]
[Black "Han Solo"]
[Result "0-1"]
[WhiteCountry "GBR"]
[BlackCountry "HUN"]
[WhiteElo "1725"]
[WhiteRD "87"]
[BlackElo "1843"]
[BlackRD "77"]
[GameID "169267"]

1. d4 d5 2. Nf3 Nf6 3. e3 e6 4. b3 c5 5. Bb2 Nc6 6. a3 Bd6 7. Bd3 O-O 8. O-O Re8 9. Nbd2 e5 10. dxe5 Nxe5
11. Nxe5 Bxe5 12. c3 Qc7 13. f4 Bd6 14. Rf3 Bg4 15. c4 Rxe3 16. Qc2 Bxf3 17. Nxf3 d4 18. Ne5 Bxe5 19. fxe5 Qxe5 20. Rf1 Ng4
21. Bxh7+ Kh8 22. g3 Re2 23. Qb1 Qe3+
0-1

[Event "beatus homo qui invenit sapentiam"]
[Site "SchemingMind.com"]
[Date "2008.09.01"]
[Round "-"]
[White "BlueMooner"]
[Black "Han Solo"]
[Result "0-1"]
[WhiteCountry "ENG"]
[BlackCountry "HUN"]
[WhiteElo "1818"]
[WhiteRD "76"]
[BlackElo "1973"]
[BlackRD "75"]
[GameID "169268"]

1. e4 c5 2. Nf3 Nc6 3. d4 cxd4 4. Nxd4 Nf6 5. Nc3 e5 6. Ndb5 d6 7. Bg5 a6 8. Na3 b5 9. Bxf6 gxf6 10. Nd5 f5
11. c3 Bg7 12. exf5 Bxf5 13. Nc2 O-O 14. Nce3 Be6 15. g3 f5 16. Bg2 b4 17. Nxb4 Nxb4 18. Bxa8 Qxa8 19. O-O Nd5
0-1

[Event "beatus homo qui invenit sapentiam"]
[Site "SchemingMind.com"]
[Date "2008.09.01"]
[Round "-"]
[White "Archon"]
[Black "Han Solo"]
[Result "0-1"]
[WhiteCountry "CAN"]
[BlackCountry "HUN"]
[WhiteElo "1724"]
[WhiteRD "55"]
[BlackElo "1878"]
[BlackRD "80"]
[GameID "169269"]

1. Nf3 d5 2. c4 dxc4 3. e3 Nf6 4. Bxc4 e6 5. d4 Bb4+ 6. Bd2 Qe7 7. Nc3 c6 8. Qc2 Nbd7 9. O-O O-O 10. a3 Bd6
11. Ba2 e5 12. Rae1 e4 13. Ng5 Ng4 14. Ncxe4 Nxh2 15. Nxd6 Qxg5 16. Bb1 Nf3+
0-1

[Event "beatus homo qui invenit sapentiam"]
[Site "SchemingMind.com"]
[Date "2008.09.01"]
[Round "-"]
[White "jnable"]
[Black "Han Solo"]
[Result "0-1"]
[WhiteCountry "PHI"]
[BlackCountry "HUN"]
[WhiteElo "1757"]
[WhiteRD "92"]
[BlackElo "2034"]
[BlackRD "80"]
[GameID "169270"]

1. e4 c5 2. Nf3 Nc6 3. d4 cxd4 4. Nxd4 Nf6 5. Nc3 e5 6. Ndb5 d6 7. Bg5 a6 8. Na3 b5 9. Nd5 Be7 10. Bxf6 Bxf6
11. c4 b4 12. Nc2 Rb8 13. Nce3 Bg5 14. Be2 O-O 15. h4 Bxh4 16. Bg4 h6 17. Bxc8 Rxc8 18. Qg4 Bg5 19. g3 Bxe3 20. Nxe3 Qg5
21. Qxg5 hxg5 22. Rd1 Nd4 23. b3 a5 24. Nd5 Rfe8 25. Kf1 f6 26. Kg2 Kf7 27. Rhe1 Rc6 28. f3= Rb8 29. Ne3 a4 30. Rb1 Ra6
31. Rb2 axb3 32. axb3 Ra3 33. Reb1 Rba8 34. Nd5 Ra2 35. Nxb4 Rxb2+ 36. Rxb2 Rb8 37. Nd3 Rxb3 38. Rxb3= Nxb3 39. Kf2 Ke6 40. f4 Nd2
41. fxg5 Nxe4+ 42. Ke3 Nxg5 43. Nb4 f5 44. Nc2 Ne4 45. g4 g6 46. gxf5+ gxf5 47. Nb4 Nc5 48. Kf3 Nb3 49. Ke3 Na5 50. Kd3 f4
51. Nd5 Kf5 52. Nc3 Kg4
0-1

[Event "beatus homo qui invenit sapentiam"]
[Site "SchemingMind.com"]
[Date "2008.09.01"]
[Round "-"]
[White "nimzoking"]
[Black "Han Solo"]
[Result "1/2-1/2"]
[WhiteCountry "ENG"]
[BlackCountry "HUN"]
[WhiteElo "2149"]
[WhiteRD "83"]
[BlackElo "2006"]
[BlackRD "74"]
[GameID "169271"]

1. d4 d5 2. Bf4 Nf6 3. e3 e6 4. Nd2 Bd6 5. Bg3 O-O 6. Bd3 Nbd7 7. Ngf3 Re8 8. Ne5 Qe7 9. Ndf3 Ne4 10. Bxe4 dxe4
11. Nd2 f5 12. c3 Bxe5 13. dxe5 Qc5 14. O-O Qb5 15. Qc2 Nc5 16. c4 Qa5 17. Nb3 Nxb3 18. axb3 Qc5 19. Rfd1 b6 20. Qd2 Qe7
21. b4 Bb7 22. b5 Red8= 23. Qc2 a6 24. Rxd8+ Qxd8 25. Rd1 Qe8 26. bxa6 Bxa6 27. b3 Qe7 28. Qc3 Rd8 29. Rxd8+ Qxd8 30. Qd4 Qxd4
31. exd4 Kf7 32. Bh4=
1/2-1/2

[Event "beatus homo qui invenit sapentiam"]
[Site "SchemingMind.com"]
[Date "2008.09.02"]
[Round "-"]
[White "acbrasileiro"]
[Black "Han Solo"]
[Result "0-1"]
[WhiteCountry "BRA"]
[BlackCountry "HUN"]
[WhiteElo "1922"]
[WhiteRD "77"]
[BlackElo "2006"]
[BlackRD "74"]
[GameID "169272"]

1. c4 c6 2. d4 d5 3. cxd5 cxd5 4. Nc3 Nc6 5. Bf4 Nf6 6. e3 Bf5 7. Nf3 e6 8. a3 Qb6 9. b4 Nxb4 10. axb4 Bxb4
11. Bb5+ Ke7 12. O-O Bxc3 13. Rc1 Ne4 14. Qa4 Qa5 15. Qxa5 Bxa5 16. Ra1 Bc3 17. Ra3 Rhc8 18. Ng5 Nxg5 19. Bxg5+ f6 20. Bf4 Bb4
21. Rb3 a5 22. h3 Bd6 23. Bxd6+ Kxd6 24. g4 Bc2 25. Rb2 a4 26. Ra1 Ra5 27. Bxa4 Rxa4 28. Rxa4 Bxa4 29. Rxb7 Rc7 30. Rxc7 Kxc7
31. Kg2 g5 32. Kg3 Bc2 33. h4 h6
0-1

[Event "beatus homo qui invenit sapentiam"]
[Site "SchemingMind.com"]
[Date "2008.09.01"]
[Round "-"]
[White "Schaakmaatje"]
[Black "Han Solo"]
[Result "0-1"]
[WhiteCountry "NED"]
[BlackCountry "HUN"]
[WhiteElo "1756"]
[WhiteRD "57"]
[BlackElo "2034"]
[BlackRD "80"]
[GameID "169273"]

1. e4 c5 2. Nf3 Nc6 3. Bb5 g6 4. c3 Bg7 5. O-O Nf6 6. d3 O-O 7. Bg5 Qb6 8. Bxc6 dxc6 9. Qc2 Re8 10. Na3 Bg4
11. Nc4 Qc7 12. Ncd2 e5 13. h3 Be6 14. Rad1 Nd7 15. Rfe1 b5 16. b3 Nb6 17. Nf1 a5 18. Be3= Qd6 19. d4 exd4 20. cxd4 c4
21. bxc4 Nxc4 22. Bc1 Rac8 23. Ne3 Nxe3 24. Bxe3 f5 25. Ng5 fxe4 26. Nxe4 Qa3 27. Rd3 Qb4 28. Rb1 Qc4 29. Rc3 Qxa2 30. Qxa2 Bxa2
31. Ra1 Rxe4 32. Rxa2 Bxd4 33. Bxd4 Rxd4 34. Rxa5 b4 35. Rb3 c5 36. Ra1 Rb8 37. Rab1 Kf7 38. Kf1 Ke6 39. Ke2 Kd5 40. f3 Re8+
41. Kf2 Rd2+ 42. Kg3 Ree2 43. Kf4 Rxg2 44. h4 Rd4+
0-1

[Event "beatus homo qui invenit sapentiam"]
[Site "SchemingMind.com"]
[Date "2008.09.01"]
[Round "-"]
[White "tyler199"]
[Black "Han Solo"]
[Result "0-1"]
[WhiteCountry "CAN"]
[BlackCountry "HUN"]
[WhiteElo "1633"]
[WhiteRD "53"]
[BlackElo "1857"]
[BlackRD "81"]
[GameID "169274"]

1. e4 c5 2. Nf3 Nc6 3. d4 cxd4 4. Nxd4 Nf6 5. Nc3 e5 6. Ndb5 d6 7. Nd5 Nxd5 8. exd5 Nb8 9. c4 Be7 10. Be2 O-O
11. O-O Nd7 12. b4 f5 13. Bb2 Nf6 14. c5 a6 15. cxd6 Bxd6 16. Nxd6 Qxd6
0-1